| 000 | 00529nam a2200193Ia 4500 | ||
|---|---|---|---|
| 003 | GCL | ||
| 008 | 140319s9999 xx 000 0 eng d | ||
| 040 |
_aGCL / _cGCL |
||
| 082 | 0 | 4 |
_a944.0837 _bD P |
| 100 | 1 | _aD'ESTAING, VALERY GISCARD | |
| 245 | 1 | 0 |
_aLE POUVOIR ET LA VIE / _cD'ESTAING, VALERY GISCARD |
| 260 |
_a[S.N] : _bCOMPAGNIE 12 ، _c1988 |
||
| 300 | _a411 P | ||
| 650 | 0 | 4 | _aFRENCH HISTORY, PERIOD OF FIFH |
| 650 | 0 | 4 | _aFRANCE |
| 650 | 0 | 4 | _aFRENCH HISTORY |
| 650 | 0 | 4 | _aD'ESTAING, VALERY GISCARD |
| 942 |
_2ddc _cBK |
||
| 999 |
_c24698 _d24698 |
||